Movies Quiz

Random Movies or Quote Quiz

Casablanca Quotes Quiz Stats

 Plays Quiz Updated Apr 8, 2015

Challenge
Share
Tweet
Embed
Score 0/50 Timer 04:00
0 Plays Today
% Correct
a
97.3%
I
96%
the
94.5%
the
94.5%
the
94.5%
the
94.5%
the
94.5%
of
89.5%
Of
89.5%
in
87.4%
in
87.4%
you,
87.3%
all
87%
all
87%
all
87%
world,
85.5%
it,
84.5%
she
82.3%
Play
82.1%
Play
82.1%
joints
82%
Sam.
80.9%
mine.
80.8%
gin
79.8%
into
78.6%
% Correct
at
78.5%
Here's
77.8%
kid.
77.7%
looking
77.6%
is
76.9%
this
76.2%
friendship.
72.8%
beginning
71.9%
beautiful
71.7%
think
71.4%
Time
68.4%
'As
67.4%
By.'
66.6%
Goes
66.3%
walks
64.3%
have
61.8%
We'll
59.2%
towns
59.1%
Paris.
58.2%
always
58.1%
Louis,
48.3%
up
47%
usual
45.1%
suspects.
45.1%
Round
45%

You're not logged in!

Compare scores with friends on all Sporcle quizzes.
OR
Log In

You Might Also Like...

Show Comments

Extras

Top Quizzes Today


Score Distribution

Your Account Isn't Verified!

In order to create a playlist on Sporcle, you need to verify the email address you used during registration. Go to your Sporcle Settings to finish the process.

Report this User

Report this user for behavior that violates our Community Guidelines.

Details: